000 00672nam a2200241Ia 4500
003 OSt
005 20221005072652.0
006 a|||||r|||| 00| 0
007 ta
008 221004b |||||||| |||| 00| 0 urd d
020 _a8186232281 (hbk)
_c75.00
024 _a13387
037 _cTextual
040 _aCRL
_cCRL
_burd
041 _2urd
_aurd
082 _aO168,3N30,IK, N6
100 _aZaidi Zahida Au.
_9607397
245 0 _aInqilab ka ek din
260 _aNew Delhi
_bEducational publishing house India
_c1996
650 _aURDU FICTION
_93298
942 _hO168,3N30,IK, N6
_cTEXL
_2cc
999 _c979858
_d979858